[Event "It (open)"]
[Site "masterchessopen.com Creon (France)"]
[Round "0"]
[White "Mrdja Milan (CRO)"]
[Black "Hartereau Philippe (FRA)"]
[Result "1-0"]
[WhiteElo "2390"]
[BlackElo "2161"]

1.e4 c5 2.Nf3 d6 3.d4 cxd4 4.Nxd4 Nf6 5.Nc3 Nc6 6.Bg5 Bd7 7.Nb3 e6 8.f3 a6
9.Qd2 Qc7 10.O-O-O Be7 11.h4 b5 12.Kb1 Ne5 13.Bd3 Rc8 14.Ne2 Bc6 15.Nbd4 Bb7
16.g4 Nxd3 17.cxd3 d5 18.Rc1 Qd6 19.Rxc8+ Bxc8 20.e5 {#r} 1-0

[Event "It (open)"]
[Site "masterchessopen.com Hamburg (Germany)"]
[Round "8"]
[White "Schulze Joachim (GER)"]
[Black "Richter Goetz (GER)"]
[Result "0-1"]
[WhiteElo "2043"]
[BlackElo "2018"]

1.e4 c5 2.Nf3 Nc6 3.d4 cxd4 4.Nxd4 Nf6 5.Nc3 d6 6.Bg5 Bd7 7.f4 Ng4 8.Ndb5 Qb6
9.Qf3 a6 10.Nd5 Qa5+ 11.b4 Nxb4 12.Nbc7+ Kd8 13.Nxa8 Nxd5+ 14.Kd1 Nge3+ 15.Ke2
Bg4 {#R} 0-1

[Event "It (open)"]
[Site "masterchessopen.com Salgotarjan (Hungary)"]
[Round "6"]
[White "Fogarasi Tibor (HUN)"]
[Black "Molnar Bela (HUN)"]
[Result "1-0"]
[WhiteElo "2475"]
[BlackElo "2395"]

1.e4 c5 2.Nf3 Nc6 3.d4 cxd4 4.Nxd4 Nf6 5.Nc3 d6 6.Bg5 Bd7 7.Nb3 a6 8.a4 Na5
9.Nd2 Rc8 10.Bd3 e6 11.O-O Be7 12.Kh1 Qb6 13.Rb1 Qb4 14.f4 h6 15.Bh4 O-O
16.Qe1 Bxa4 17.Ra1 Bc6 18.e5 dxe5 19.fxe5 Qg4 20.Nf3 Nc4 21.exf6 gxf6 22.h3
Qf4 23.Bg3 {#r} 1-0

[Event "It"]
[Site "masterchessopen.com Buenos Aires (Argentina)"]
[Round "1"]
[White "Lauridsen Jesper (CHI)"]
[Black "Roselli Mailhe Bernardo (URU)"]
[Result "1-0"]
[WhiteElo "2223"]
[BlackElo "2385"]

1.e4 c5 2.Nf3 Nc6 3.d4 cxd4 4.Nxd4 Nf6 5.Nc3 d6 6.Bg5 Bd7 7.Be2 Qa5 8.Bxf6
gxf6 9.O-O Qg5 10.Nd5 Rg8 11.g3 O-O-O 12.f4 Qh4 13.Rf3 e6 14.Nxc6 Bxc6 15.Qd4
f5 16.Qxa7 fxe4 17.Bb5 Bg7 18.Qa8+ Kd7 19.Qxb7+ Ke8 20.Bxc6+ Kf8 21.gxh4 Bd4+
22.Kh1 exf3 23.c3 {#r} 1-0

[Event "Ch State Sao Paulo"]
[Site "masterchessopen.com Rio Claro (Brazil)"]
[Round "5"]
[White "Herbst Neto Eugenio (BRA)"]
[Black "Barrionuevo Alfredo C (ARG)"]
[Result "0-1"]
[WhiteElo "1933"]
[BlackElo "2068"]

1.e4 c5 2.Nf3 Nc6 3.d4 cxd4 4.Nxd4 Nf6 5.Nc3 d6 6.Bg5 Bd7 7.Bc4 Nxe4 8.Nxe4
Qa5+ 9.Bd2 Qe5 10.Nb5 Qxe4+ 11.Be2 Rc8 12.O-O Nd4 13.Bd3 Qd5 14.c4 Qc5 15.Be3
e5 16.b4 Qb6 17.Nxd4 exd4 18.Bg5 Be6 19.Qe2 a6 20.f4 Kd7 21.Rac1 Kc7 22.c5
dxc5 23.bxc5 Bxc5 24.Qe5+ Kd7 25.f5 Bxa2 26.Qxg7 Rhg8 27.Qf6 Rc6 28.Qe5 Rxg5
29.Rf2 Bd6 30.Rxc6 Qxc6 31.Qxd4 Bd5 {#R} 0-1

[Event "Bundesliga (juniors) (North) East 1998/99"]
[Site "masterchessopen.com Germany"]
[Round "0"]
[White "Rutschke Bernhard (GER)"]
[Black "Fliter Irena (GER)"]
[Result "0-1"]
[WhiteElo "2083"]
[BlackElo "2099"]

1.e4 c5 2.Nf3 Nc6 3.d4 cxd4 4.Nxd4 Nf6 5.Nc3 d6 6.Bg5 Bd7 7.Be2 Qa5 8.O-O Qxg5
9.f4 Qc5 10.Nb5 Rc8 11.Kh1 Nxe4 12.Bf3 Nf6 13.Re1 e6 14.Nxc6 bxc6 15.Nc3 Be7
16.Qd3 O-O 17.Rg1 Qb4 18.Ne4 Nxe4 19.Bxe4 f5 20.Bf3 Qxf4 21.Qa6 Bf6 22.Raf1
Be5 23.g3 Qe3 24.Qb7 Rfd8 25.c3 Rb8 26.Qc7 Bf6 27.Qxd6 Rxb2 28.Qc7 c5 29.Qxa7
Bb5 30.Bg2 Bxf1 31.Rxf1 Qe2 32.Rg1 Rd1 33.Qxc5 Qxg2# 0-1

[Event "Ch Uruguay"]
[Site "masterchessopen.com Montevideo (Uruguay)"]
[Round "4"]
[White "Curi Gabriel (URU)"]
[Black "Roselli Mailhe Bernardo (URU)"]
[Result "1-0"]
[WhiteElo "2332"]
[BlackElo "2401"]

1.e4 c5 2.Nf3 Nc6 3.d4 cxd4 4.Nxd4 Nf6 5.Nc3 d6 6.Bg5 Bd7 7.Be2 Qa5 8.Bxf6
gxf6 9.O-O Nxd4 10.Qxd4 Rc8 11.Nd5 Qc5 12.Qd2 h5 13.c3 Bh6 14.Qd1 a5 15.a4 Bg5
16.b4 Qa7 17.bxa5 Qxa5 18.f4 Bh6 19.Bb5 Bg7 20.Qd4 Bc6 21.f5 Kd8 22.Nb6 Rb8
23.Nc4 Qc7 24.Nb6 e5 25.fxe6 fxe6 26.Bxc6 Qxc6 27.a5 Ke7 28.a6 bxa6 29.Rxa6
Kf7 30.Ra7+ Rb7 31.Rxb7+ Qxb7 32.Nc4 Qd7 33.Ne5+ {#r} 1-0

[Event "Ch World (juniors) (under 18)"]
[Site "masterchessopen.com Oropesa (Spain)"]
[Round "3"]
[White "Kapnisis Spyridon (GRE)"]
[Black "Giniyatullin R (KAZ)"]
[Result "1-0"]
[WhiteElo "2324"]
[BlackElo "2273"]

1.e4 c5 2.Nf3 d6 3.d4 cxd4 4.Nxd4 Nf6 5.Nc3 Bd7 6.Bg5 Nc6 7.Be2 Qa5 8.Bxf6
gxf6 9.O-O Rc8 10.Nd5 Nxd4 11.Qxd4 Qc5 12.Qd3 Qxc2 13.Qe3 Qc5 14.Qb3 b5 15.a4
Qc2 16.Qe3 bxa4 17.Rac1 Qxb2 18.Rb1 Qc2 19.Rfc1 Qa2 20.Rxc8+ Bxc8 21.Qc1 Bh3
22.Rb8+ Kd7 23.Qc8# 1-0

[Event "It (open) \"]
[Site "masterchessopen.com Eforie Nord (Romania)"]
[Round "0"]
[White "Badut Ana-Maria (ROM)"]
[Black "Ciobanu Camelia (ROM)"]
[Result "1-0"]
[WhiteElo "2031"]
[BlackElo "2207"]

1.e4 c5 2.Nc3 Nc6 3.Nge2 d6 4.d4 cxd4 5.Nxd4 Nf6 6.Bg5 Bd7 7.Be2 Rc8 8.O-O Qa5
9.Bxf6 gxf6 10.Kh1 a6 11.Nb3 Qd8 12.f4 b5 13.Bh5 b4 14.Nd5 e6 15.Ne3 Nb8
16.Qd4 Bb5 17.Rf2 Nc6 18.Qd1 Qb6 19.Ng4 Be7 20.Rd2 h6 21.Rxd6 Be2 22.Nxf6+
Bxf6 23.Qxe2 Be7 24.Rxe6 Kf8 25.Qg4 Qb7 26.Qf5 Nd8 27.Rd1 Rxc2 28.Qe5 Rxg2
29.Rxd8+ {#r} 1-0

[Event "Ch Slovenia (team) (juniors) (under 18) B"]
[Site "masterchessopen.com Novo Mesto (Slovenia)"]
[Round "3"]
[White "Ahmatovic Mirela (SLO)"]
[Black "Strucl Crtomir (SLO)"]
[Result "0-1"]
[WhiteElo "1982"]
[BlackElo "2012"]

1.e4 c5 2.Nf3 Nc6 3.d4 cxd4 4.Nxd4 Nf6 5.Nc3 d6 6.Bg5 Bd7 7.Bc4 Qb6 8.Be3 Qxb2
9.Ncb5 Qb4+ 10.Bd2 Qxc4 11.Nc7+ Kd8 12.Nxa8 Nxd4 13.Ba5+ b6 14.c3 Nc6 15.Nxb6
axb6 16.Bxb6+ Ke8 {#R} 0-1

[Event "It (open)"]
[Site "masterchessopen.com Recklinghausen (Germany)"]
[Round "5"]
[White "Kummerow Heiko (GER)"]
[Black "Parado Dominado (GER)"]
[Result "1-0"]
[WhiteElo "2314"]
[BlackElo "2107"]

1.e4 c5 2.Nf3 d6 3.d4 cxd4 4.Nxd4 Nf6 5.Nc3 Nc6 6.Bg5 Bd7 7.Bxf6 gxf6 8.Be2
Nxd4 9.Qxd4 h5 10.Nd5 Bc6 11.O-O e5 12.Qd1 Bxd5 13.Qxd5 Qb6 14.a4 a6 15.Ra3
Rb8 16.Bc4 Rh7 17.Rb3 Qc7 18.Rc3 Qd7 19.Ra1 h4 20.Raa3 Rg7 21.Rab3 Qg4 22.Bf1
{#r} 1-0

[Event "Ch Hungary (team) 2000/01 (2 liga)"]
[Site "masterchessopen.com Hungary"]
[Round "6"]
[White "Gonczi Jozsef (HUN)"]
[Black "Blasko Istvan (HUN)"]
[Result "0-1"]
[WhiteElo "2145"]
[BlackElo "2310"]

1.e4 c5 2.Nf3 Nc6 3.d4 cxd4 4.Nxd4 Nf6 5.Nc3 d6 6.Bg5 Bd7 7.Bc4 Qa5 8.Bxf6
gxf6 9.Bb3 Rg8 10.g3 Rc8 11.Nb5 Ne5 12.f4 Bxb5 13.fxe5 Rxc3 14.bxc3 Qxc3+
15.Kf2 Qc5+ 16.Kg2 e6 17.exf6 Rg6 18.Qf3 Bh6 19.Rhf1 Qe5 20.h4 Bd2 21.Rad1 Bc6
22.Ba4 b5 23.Bxb5 Bxb5 24.Rxd2 Bxf1+ 25.Qxf1 Qxg3+ 26.Kh1 Qxh4+ {#R} 0-1

[Event "It (open)"]
[Site "masterchessopen.com Tapolca (Hungary)"]
[Round "3"]
[White "Antal Gergely (HUN)"]
[Black "Pal Geza (HUN)"]
[Result "1-0"]
[WhiteElo "2426"]
[BlackElo "2241"]

1.e4 c5 2.Nf3 d6 3.d4 cxd4 4.Nxd4 Nf6 5.Nc3 Nc6 6.Bg5 Bd7 7.Bxf6 gxf6 8.Bc4 h5
9.Nf5 Rc8 10.O-O Ne5 11.Bb3 b5 12.Qd4 Qc7 13.a4 a6 14.axb5 axb5 15.f4 Nc4
16.Ra7 Qb6 17.Qxb6 Nxb6 18.Rb7 Nc4 19.Nxb5 Bc6 20.Rc7 Rxc7 21.Nxc7+ Kd7
22.Bxc4 Kxc7 23.Bd5 Be8 24.Ra1 e6 25.Ra7+ Kb6 26.Rb7+ Ka6 27.Rb8 exd5 28.Rxe8
dxe4 29.Nxd6 f5 30.Kf1 {#r} 1-0

[Event "Ch Schleswig Holstein"]
[Site "masterchessopen.com Eckernfoerde (Germany)"]
[Round "4"]
[White "Stelting Thorsten (GER)"]
[Black "Kalinitschew Sergey (GER)"]
[Result "1-0"]
[WhiteElo "2232"]
[BlackElo "2487"]

1.e4 c5 2.Nf3 Nc6 3.d4 cxd4 4.Nxd4 Nf6 5.Nc3 d6 6.Bg5 Bd7 7.Bc4 Rc8 8.O-O Qa5
9.Bxf6 gxf6 10.Bb3 Nxd4 11.Qxd4 Qc5 12.Qd3 h5 13.a4 e6 14.Kh1 h4 15.h3 Rg8
16.f4 f5 17.exf5 Bc6 18.fxe6 Rg3 19.Ne4 Rxd3 20.exf7+ Kd8 21.Nxc5 Rxh3+ 22.Kg1
Rg3 23.Ne6+ Kd7 24.Rf2 h3 25.Ng5 Rxb3 26.cxb3 hxg2 27.Rc1 Bg7 28.Kh2 {#r} 1-0

[Event "It (open)"]
[Site "masterchessopen.com Andorra"]
[Round "8"]
[White "Mateo Ramon (DOM)"]
[Black "Lederer Yoav (ISR)"]
[Result "1-0"]
[WhiteElo "2436"]
[BlackElo "2300"]

1.e4 c5 2.Nf3 d6 3.d4 cxd4 4.Nxd4 Nf6 5.Nc3 Nc6 6.Bg5 Bd7 7.Bxf6 gxf6 8.Nb3 h5
9.Be2 h4 10.Qd2 Rc8 11.O-O-O Ne5 12.Kb1 Bh6 13.f4 Nc4 14.Bxc4 Rxc4 15.g3 b5
16.Qd3 a5 17.Nd4 Rc5 18.Nf5 Bxf5 19.exf5 Qd7 20.Nd5 hxg3 21.hxg3 Bg7 22.Rhe1
e6 23.fxe6 fxe6 24.Qg6+ Kf8 25.Nxf6 Qe7 26.Rxe6 Rh6 27.Qxh6 {#r} 1-0

[Event "Bundesliga (2nd) South 2001/02"]
[Site "masterchessopen.com Germany"]
[Round "4"]
[White "Bach Edwin (GER)"]
[Black "Unzicker Ferdinand (GER)"]
[Result "1-0"]
[WhiteElo "2302"]
[BlackElo "2283"]

1.e4 c5 2.Nf3 Nc6 3.d4 cxd4 4.Nxd4 Nf6 5.Nc3 d6 6.Bg5 Bd7 7.Be2 a6 8.Bxf6 gxf6
9.O-O e6 10.Kh1 h5 11.f4 h4 12.f5 h3 13.g3 Ne5 14.fxe6 fxe6 15.Bh5+ Nf7 16.Qg4
Qa5 17.Nd5 O-O-O 18.Nxf6 Qd2 19.Qe2 Qxd4 20.Bxf7 Bg7 21.c3 Qc5 22.Nxd7 Kxd7
23.Bxe6+ Kc6 24.Bd5+ Kc7 {#r} 1-0

[Event "Ch Georgia"]
[Site "masterchessopen.com Tbilisi (Georgia)"]
[Date "2002.05.27"]
[Round "7"]
[White "Lobzhanidze Davit (GEO)"]
[Black "Matnadze Ana (GEO)"]
[Result "1-0"]
[WhiteElo "2477"]
[BlackElo "2392"]

1.e4 c5 2.Nf3 d6 3.d4 cxd4 4.Nxd4 Nf6 5.Nc3 Nc6 6.Bg5 Bd7 7.Be2 Qa5 8.Bxf6
gxf6 9.O-O Nxd4 10.Qxd4 Rg8 11.Nd5 Bg7 12.Qd3 f5 13.exf5 Bc6 14.Bf3 Bxb2
15.Rab1 Be5 16.f6 Bxd5 17.Bxd5 Bxf6 18.Qxh7 O-O-O 19.Qf5+ {#r} 1-0

[Event "It (open) \"]
[Site "masterchessopen.com Moscow (Russia)"]
[Date "2004.02.17"]
[Round "1"]
[White "Bindrich Falko (GER)"]
[Black "Filipenko Alexander V (RUS)"]
[Result "0-1"]
[WhiteElo "2351"]
[BlackElo "2388"]

1.e4 c5 2.Nf3 d6 3.d4 cxd4 4.Nxd4 Nf6 5.Nc3 Nc6 6.Bg5 Bd7 7.Nb3 a6 8.Bxf6 gxf6
9.Qh5 e6 10.Bd3 Qb6 11.Ne2 Ne5 12.O-O Nxd3 13.cxd3 Qb5 14.Qh3 Be7 15.d4 Qg5
16.Rac1 Bd8 17.Rc2 O-O 18.Nd2 Ba5 19.Nc4 Rac8 20.Qb3 Rc7 21.f4 Qh5 22.Rf3 Kh8
23.Rh3 Qg6 24.Qf3 Bc6 25.Ng3 d5 26.f5 Qg5 27.Nd2 Rg8 28.Rh5 Qg4 29.Qd3 Qd1+
30.Kf2 Bb5 {#R} 0-1

[Event "Ch Switzerland (team) 2004"]
[Site "masterchessopen.com Switzerland"]
[Date "2004.03.21"]
[Round "2"]
[White "Gallagher Joseph G (SUI)"]
[Black "Weindl Alfred (GER)"]
[Result "1-0"]
[WhiteElo "2543"]
[BlackElo "2330"]

1.e4 c5 2.Nf3 Nc6 3.d4 cxd4 4.Nxd4 Nf6 5.Nc3 d6 6.Bg5 Bd7 7.Be2 Qa5 8.Bxf6
gxf6 9.O-O Nxd4 10.Qxd4 Rc8 11.a4 Qc5 12.Qd2 h5 13.Bb5 Bh6 14.Qd3 e6 15.e5 f5
16.exd6 Rg8 17.Rfe1 Kd8 18.Rad1 Bc6 19.Bxc6 Qxc6 20.Qh3 Rg5 21.Nb5 Qb6 22.Nd4
Rc4 23.Nf3 Rg7 24.Ne5 Rf4 25.Re2 h4 26.Qc3 {#r} 1-0

[Event "Extra League 2003/04"]
[Site "masterchessopen.com Czech Republic"]
[Date "2004.04.03"]
[Round "10"]
[White "Hracek Zbynek (CZE)"]
[Black "Heberla Bartlomiej (POL)"]
[Result "1-0"]
[WhiteElo "2595"]
[BlackElo "2443"]

{ Hracek Zbynek (CZE) +0 =1 -0 } 1.e4 { 1 } 1...c5 2.Nf3 d6 3.d4 cxd4 4.Nxd4
Nf6 5.Nc3 Nc6 6.Bg5 Bd7 7.Be2 Qa5 8.Bxf6 gxf6 9.O-O Nxd4 10.Qxd4 Rc8 { ?/= }
11.a4 ( 11.Kh1 Qc5 12.Qd2 Bg7 13.Bd3 f5 14.exf5 Bxf5 15.Rae1 Bxd3 16.Qxd3 Bxc3
17.bxc3 Rc7 18.f4 Qc4 19.Qd2 Kd8 20.Rf3 f5 21.a3 Rg8 22.h3 Rg7 23.Re5 Qf7
24.Rd3 Kc8 25.Ra5 b6 26.Rad5 Rc5 27.a4 Qe6 28.a5 Rxa5 29.Rxa5 bxa5 30.c4 Qe4 {
...1/2-1/2, Chiburdanidze Maia 2495 - Zaichik Gennadi 2525 , Tbilisi 1991 It
(cat.4) } ) 11...Qc5 12.Qd2 Bg7 ( 12...Rg8 13.Bb5 Rg6 14.Ra3 e6 15.Bxd7+ Kxd7
16.Rb3 b6 17.Rb5 Qc4 18.a5 Rc5 19.axb6 Rxb5 20.Nxb5 Qxb5 21.bxa7 Qa6 22.Qd4
Be7 23.b3 Rg8 24.Ra1 Qc6 25.c4 Ra8 26.b4 Kc7 27.h3 Kb7 28.Ra5 e5 29.Qa1 Bd8
30.Rb5+ Bb6 31.Qf1 Kc7 32.c5 { ...0-1, Tolnai Tibor 2514 - Ruck Robert 2485 ,
Budapest 1999 It (cat.10) } ) ( 12...e6 13.Bb5 Bc6 14.Ra3 a6 15.Bxc6+ Rxc6
16.Rb3 Rb6 17.Ne2 Bg7 18.Rg3 Bf8 19.Rc3 Qb4 20.Qe3 Qa5 21.b3 Kd7 22.Rd1 Be7
23.Rc5 Qb4 24.Rc4 Qa5 25.Nd4 Rg8 26.g3 Qg5 27.f4 Qa5 28.Kg2 h5 29.h3 f5
30.exf5 Qd5+ 31.Qf3 Qxf3+ 32.Kxf3 { ...1-0, Lutz Christopher 2575 - Weindl
Alfred 2350 , Hamburg 1995 It (open) } ) ( 12...a6 13.Nd5 Qxc2 14.Qe3 Qc5
15.Qf4 Bg7 16.Rfd1 Qa5 17.Nxe7 Rc2 18.Nd5 Be6 19.Qg3 O-O 20.b4 Qd8 21.Bg4 Kh8
22.Rab1 Qc8 23.h3 f5 24.Bxf5 Bxf5 25.exf5 Be5 26.Qd3 Qc6 27.f4 Rg8 28.Rd2 Rxd2
29.Qxd2 Bg7 30.a5 Re8 31.Rc1 Qd7 32.Qd3 { ...1-0, Wahls Matthias 2595 - Grosar
Aljosa 2455 , Arco 1997 It (open) } ) ( 12...f5 13.Bb5 a6 14.Bxd7+ Kxd7 15.Nd5
fxe4 16.b4 Qa7 17.Qf4 Ke8 18.Qxe4 e6 19.a5 Be7 20.Rfe1 Bd8 21.Ra3 b5 22.axb6
Bxb6 23.Rf3 Bd4 24.Nf6+ Bxf6 25.Rxf6 Qe7 26.Rh6 d5 27.Qe5 Kd7 28.c4 Qd6 29.Qf6
Rcf8 30.c5 Qe7 31.Qa1 Ra8 32.Qa4+ { ...1-0, Ochoa De Echaguen F Javier 2450 -
Garcia Raul 2239 , Lisbon 1993 Zt } ) 13.Bb5 { N } ( 13.Ra3 a6 14.Rb3 f5
15.Bd3 Bc6 16.Qg5 Bf6 17.Qxf5 Qxf5 18.exf5 Kd7 19.Ne4 Be5 20.c3 d5 21.Ng5 Rhf8
22.Rb4 a5 23.Rb3 Bd6 24.Bb5 Kc7 25.g3 h6 26.Nf3 Rg8 27.Nd4 Bc5 28.Kg2 Rg5
29.f4 Rg4 30.Kf3 h5 31.Kg2 Rcg8 32.Nxc6 bxc6 { ...0-1, Bujisho Benjamin 2344 -
Weindl Alfred 2353 , Cannes 2000 It (open) } ) 13...f5 { ?! } ( 13...Bc6 { !?
} 14.Ra3 O-O 15.Bxc6 bxc6 { } ) 14.Nd5 Bxb5 15.axb5 fxe4 16.Qg5 Bf6 { ?! } (
16...Bf8 { !? } 17.b4 h6 18.Qh5 Qxc2 { } ) 17.Nxf6+ exf6 18.Qxf6 Qe5 19.Qxe5+
dxe5 20.Rxa7 O-O 21.c3 Rfd8 { ?! } ( 21...Rc7 { !? } 22.Rd1 Kg7 23.Rd5 Kf6 { }
) 22.Rxb7 Rd2 23.Rb1 Rcd8 24.h3 Rc2 25.b6 e3 26.fxe3 Rdd2 27.Kh1 Kf8 28.Rb8+
Ke7 29.b7 Rxg2 30.Re8+ Kd7 31.Rd8+ Ke7 32.b8=Q Rh2+ 33.Kg1 { } {#r} 1-0

[Event "It (open)"]
[Site "masterchessopen.com Sitges (Spain)"]
[Round "5"]
[White "Mateo Ramon (DOM)"]
[Black "Escobar Forero Alder (COL)"]
[Result "1-0"]
[WhiteElo "2453"]
[BlackElo "2407"]

1.e4 c5 2.Nf3 d6 3.d4 cxd4 4.Nxd4 Nf6 5.Nc3 Nc6 6.Bg5 Bd7 7.Bxf6 gxf6 8.Nb3 f5
9.Qh5 Qc8 10.Bd3 Nb4 11.O-O Bg7 12.Rfe1 Bxc3 13.bxc3 Qxc3 14.e5 dxe5 15.Bxf5
e6 16.Be4 Bc6 17.Rad1 Rd8 18.Rxd8+ Kxd8 19.Re3 Qb2 20.h3 Rf8 21.a3 Nd5 22.Bxd5
Bxd5 23.f4 Bc6 24.Qxh7 Qxa3 25.Qg7 f6 26.f5 Ke8 27.Rg3 Rf7 28.Qg8+ Ke7 29.Qb8
{#r} 1-0

[Event "It (c)"]
[Site "masterchessopen.com Serpukhov (Russia)"]
[Date "2004.08.29"]
[Round "5"]
[White "Mikkelsen Nikolaj (DEN)"]
[Black "Papenin Nikolai (UKR)"]
[Result "1-0"]
[WhiteElo "2180"]
[BlackElo "2391"]

1.e4 c5 2.Nf3 d6 3.d4 cxd4 4.Nxd4 Nf6 5.Nc3 Nc6 6.Bg5 Bd7 7.Be2 e6 8.O-O a6
9.a4 Be7 10.Kh1 O-O 11.f4 Rc8 12.Nb3 Qc7 13.Qe1 Nb4 14.Qg3 Kh8 15.Rad1 Bc6
16.e5 dxe5 17.fxe5 Nfd5 18.Ne4 Nxc2 19.Bd3 Ndb4 20.Bxc2 Nxc2 21.Nd6 Bxg5
22.Qxg5 Bxa4 23.Rd3 Nb4 24.Rg3 g6 25.Nd2 Bb5 26.Rc3 Nc6 27.Rf6 Be2 28.N2e4
Rcd8 29.Qh6 Qa5 30.Rxf7 Rxf7 31.Nxf7+ Kg8 32.Nf6+ Kxf7 33.Qxh7+ {#r} 1-0

[Event "It (open) (b)"]
[Site "masterchessopen.com Vladimir (Russia)"]
[Round "0"]
[White "Ryzhov Vladimir (UKR)"]
[Black "Ivanov Valentin (BUL)"]
[Result "0-1"]
[WhiteElo "2404"]
[BlackElo "1825"]

1.e4 c5 2.Nf3 d6 3.d4 cxd4 4.Nxd4 Nf6 5.Nc3 Nc6 6.Bg5 Bd7 7.Nb3 a6 8.Qe2 e6
9.O-O-O Qc7 10.h4 Be7 11.Rh3 b5 12.a3 Ne5 13.f4 Nc4 14.g4 h6 15.Bxf6 Bxf6
16.Qg2 Be7 17.Rd4 Nb6 18.h5 e5 19.Rd1 exf4 20.Nd4 Bg5 21.Kb1 O-O 22.Nf5 Be6
23.Nxd6 Nc4 24.Bxc4 bxc4 25.Nd5 Qc5 26.Rc3 Rab8 27.Nxc4 Rfd8 28.Ncb6 Qxb6 {#R}
0-1

[Event "It (open)"]
[Site "masterchessopen.com Unna (Germany)"]
[Date "2004.12.28"]
[Round "4"]
[White "Terwey Matthias (GER)"]
[Black "Moser Klaus Prof Dr (GER)"]
[Result "0-1"]
[WhiteElo "2068"]
[BlackElo "2294"]

1.e4 c5 2.Nf3 d6 3.d4 cxd4 4.Nxd4 Nf6 5.Nc3 Nc6 6.Bg5 Bd7 7.Bc4 Qa5 8.Bxf6
gxf6 9.Nxc6 bxc6 10.Qf3 Qg5 11.O-O Qg4 12.Qxg4 Bxg4 13.f3 Bd7 14.Rad1 Bg7
15.Rd3 f5 16.Re1 fxe4 17.fxe4 Be5 18.Rf3 f6 19.Nd1 e6 20.c3 Rb8 21.Re2 Ke7
22.Ne3 h5 23.Bb3 d5 24.exd5 cxd5 25.Bxd5 exd5 26.Nxd5+ Kd6 27.Nxf6 Bc6 28.Rf5
Rb5 29.Ne4+ Bxe4 30.Rxe4 Bxh2+ 31.Kxh2 Rxf5 {#R} 0-1

[Event "Czech League 2004/05 (2nd) (e)"]
[Site "masterchessopen.com Czech Republic"]
[Date "2005.01.16"]
[Round "6"]
[White "Strasil Pavel (CZE)"]
[Black "Mazoch Jiri (CZE)"]
[Result "1-0"]
[WhiteElo "2167"]
[BlackElo "2111"]

1.e4 c5 2.Nf3 Nc6 3.Nc3 d6 4.d4 cxd4 5.Nxd4 Nf6 6.Bg5 Bd7 7.Be2 Qa5 8.Be3 Nxe4
9.Nb3 Nxc3 10.Qd2 Qe5 11.bxc3 h6 12.O-O g5 13.Nd4 Rg8 14.Rab1 b6 15.f4 Qg7
16.fxg5 Nxd4 17.cxd4 Qg6 18.Bd3 Qh5 19.gxh6 Bc6 20.Rf5 Qh3 21.Rg5 Rxg5 22.Bxg5
Qh5 23.d5 Bd7 24.Rb4 Bxh6 25.Bxh6 O-O-O 26.Be2 Qe5 27.c3 Rg8 28.Bf4 Qg7 29.g3
Kb8 30.Qd4 Qg6 31.Rxb6+ axb6 32.Qxb6+ Ka8 33.Be3 {#r} 1-0

[Event "Ch Greece (team)"]
[Site "masterchessopen.com Greece"]
[Date "2005.07.08"]
[Round "6"]
[White "Gantis Konstantinos (GRE)"]
[Black "Azis Azizis Ektoras (GRE)"]
[Result "0-1"]
[WhiteElo "1880"]
[BlackElo "2002"]

1.e4 c5 2.Nf3 Nc6 3.d4 cxd4 4.Nxd4 Nf6 5.Nc3 d6 6.Bg5 Bd7 7.Be2 Qa5 8.Bxf6
gxf6 9.O-O Rg8 10.Nd5 Bh3 11.Bf3 Ne5 12.Ne3 Bh6 13.Ndf5 Bxe3 14.Nxe3 Rc8
15.Kh1 Be6 16.Be2 Qb4 17.f4 Nc4 18.Nxc4 Bxc4 19.Bxc4 Qxc4 20.Re1 Qxc2 21.Rc1
Qxg2# 0-1

[Event "It (open)"]
[Site "masterchessopen.com Rostock (Germany)"]
[Date "2005.08.26"]
[Round "3"]
[White "Loeke Patrick"]
[Black "Herholz Holger (GER)"]
[Result "0-1"]
[WhiteElo "1690"]
[BlackElo "2015"]

1.e4 c5 2.Nf3 Nc6 3.d4 cxd4 4.Nxd4 d6 5.Nc3 Nf6 6.Bg5 Bd7 7.Be2 a6 8.Bxf6 gxf6
9.Nf5 Qa5 10.Ne3 b5 11.Qd2 Bh6 12.O-O Rg8 13.Kh1 Ne5 14.f4 Ng6 15.Nf5 Bxf5
16.exf5 Nxf4 17.Rxf4 Bxf4 18.Qxf4 b4 19.Nd5 Ra7 20.Bf3 Qc5 21.Qxb4 Qxb4
22.Nxb4 Rg5 23.Be4 Rg4 24.Bc6+ Kd8 25.c3 Rf4 26.Rd1 a5 {#R} 0-1

[Event "It (open)"]
[Site "masterchessopen.com Zagreb (Croatia)"]
[Date "2006.01.15"]
[Round "2"]
[White "Dabo-Peranic Robert (CRO)"]
[Black "Sedlak Nikola (SRB)"]
[Result "0-1"]
[WhiteElo "2272"]
[BlackElo "2549"]

1.e4 c5 2.Nf3 d6 3.d4 cxd4 4.Nxd4 Nf6 5.Nc3 Bd7 6.Bg5 Nc6 7.Bxf6 gxf6 8.Be2
Qa5 9.O-O Nxd4 10.Qxd4 Rc8 11.a4 a6 12.Kh1 Qc5 13.Qd3 f5 14.Bf3 Bg7 15.Ra3 Be6
16.exf5 Bc4 17.Qd1 Bxf1 18.Qxf1 Bxc3 19.Rxc3 Qxf5 20.Rxc8+ Qxc8 21.Qd3 O-O
22.c4 b5 23.axb5 axb5 24.b3 bxc4 25.bxc4 Qc5 26.Kg1 Rb8 27.Be2 Rb2 28.g3 Qe5
29.Kf1 e6 30.f4 Qc5 31.Kg2 Qh5 {#R} 0-1

[Event "Bayern Regionalliga Southwest 2005/06"]
[Site "masterchessopen.com Bayern (Germany)"]
[Date "2006.02.19"]
[Round "7"]
[White "Schoenbauer Max (GER)"]
[Black "Tyomkyn Mikhail (GER)"]
[Result "0-1"]
[WhiteElo "2086"]
[BlackElo "2014"]

1.e4 c5 2.Nf3 d6 3.d4 cxd4 4.Nxd4 Nf6 5.Nc3 Nc6 6.Bg5 Bd7 7.Be2 Qa5 8.Bxf6
gxf6 9.Nb3 Qg5 10.g3 h5 11.h4 Qg6 12.Nd4 Rc8 13.Nxc6 Bxc6 14.Qd3 Bh6 15.O-O
Rg8 16.Kh2 Bd7 17.Qd5 f5 18.Qxb7 f4 19.Rg1 Qe6 20.Bf1 fxg3+ 21.fxg3 Be3 22.Ne2
Bxg1+ 23.Kxg1 Rxc2 24.Qb8+ Rc8 25.Qxa7 Qxe4 26.Qa5 Qe3+ {#R} 0-1

[Event "Czech League 2005/06 (1st) East"]
[Site "masterchessopen.com Czech Republic"]
[Date "2006.03.19"]
[Round "10"]
[White "Heberla Bartlomiej (POL)"]
[Black "Malinovsky Karel (CZE)"]
[Result "1-0"]
[WhiteElo "2569"]
[BlackElo "2362"]

1.e4 c5 2.Nf3 Nc6 3.Nc3 d6 4.d4 cxd4 5.Nxd4 Nf6 6.Bg5 Bd7 7.Nb3 h6 8.Bxf6 gxf6
9.Qh5 Rg8 10.f4 Rc8 11.Bc4 Rg7 12.O-O a6 13.Rae1 Nd4 14.Bxf7+ Rxf7 15.Nxd4 Qb6
16.Rd1 Qxb2 17.Nd5 Rc5 18.f5 Bb5 19.Rf2 Bc4 20.Ne6 Bxd5 21.Nxc5 Bxa2 22.c4 Qa3
23.Ne6 Bxc4 24.Rc2 Qb3 25.Rdc1 b5 26.Kh1 Qe3 27.Nc7+ Kd7 28.Nd5 Bxd5 29.Rc7+
{#r} 1-0

[Event "Ch Berlin (qual)"]
[Site "masterchessopen.com Berlin (Germany)"]
[Date "2006.04.16"]
[Round "2"]
[White "Fuchs Raimond (GER)"]
[Black "Niechotz Christopher (GER)"]
[Result "1-0"]
[WhiteElo "1943"]
[BlackElo "2070"]

1.e4 c5 2.Nf3 d6 3.d4 cxd4 4.Nxd4 Nf6 5.Nc3 Nc6 6.Bg5 Bd7 7.f4 Qb6 8.Nb3 h6
9.Bxf6 gxf6 10.Qf3 h5 11.h3 a6 12.Be2 h4 13.Nd5 Qd8 14.c3 e6 15.Ne3 Qc7 16.Nc2
Rc8 17.O-O Be7 18.Rac1 b5 19.Ncd4 Qb6 20.Qf2 Bd8 21.Kh1 Na5 22.Nxa5 Qxa5 23.a3
Qb6 24.g4 hxg3 25.Qxg3 Bc7 26.Bg4 Ke7 27.Qf3 Rcg8 28.f5 e5 29.Nc2 Bc6 30.Nb4
{#r} 1-0